00389nam a2200157Ia 45000010006000000050017000060080041000230410008000640820017000721000037000892450052001262600009001783000028001876500008002156540008002231776020260306171541.0260306s9999||||xx |||||||||||||| ||und|| aESP a658.152bV35 aVásquez Huamán, EnriqueeAUT 0aGerencia estratégica de la inversión social c2008 a655 páginas :c24 cm. aGEN aCAN